000 00491nam a2200181Ia 4500
003 OSt
005 20241211134839.0
008 210716s1951 xx 000 0 und d
040 _cAIMIT LIBRARY
041 _aeng
082 _a808.83
_21
_bGILM
100 _aGilbert, Michael.
_9189933
245 _aDeath has deep roots /
_cBy Michael Gilbert.
250 _a1st ed.
260 _aLondon :
_bPAN Books ;
_c1951.
300 _a221p. ;
_bPB
_c18 cm.
942 _2ddc
_cBK
_e1st ed.
_k808.83 GILM
999 _c199952
_d199952